000
00307nam a2200109Ia 4500
008
200302s9999 xx 000 0 und d
100
_a
Forrest Wilson AIA.
245
_a
Emerging From in Architecture Conversations With Lev Zetlin
260
_b
Cahners Books Publishing Co.,
260
_c
1975
300
_a
222 P.,
999
_c
415
_d
415